Kingdom Hearts - Membres de l’Organisation XIII - Statistiques

Statistiques générales
  • Ce quiz a été pris 35 fois
  • Le résultat moyen est 13 sur 14
Statistiques - réponses
Hint Réponse % Correct
Rafale des Flammes Dansantes Axel
100%
La Clé du Destin Roxas
100%
Supérieur Xemnas
100%
Bonus : N°I Xion
100%
Le Devin Lunaire Saïx
96%
L’Archer Xigbar
93%
La Nymphe Furieuse Larxene
89%
Le Joueur du Destin Luxord
89%
L’Assassin Sublime Marluxia
89%
Le Savant Glacial Vexen
89%
La Lance Tourbillonnante Xaldin
82%
Mélopée Nocturne Demyx
79%
Le Conspirateur Ténébreux Zexion
79%
Le Héros Silencieux Lexaeus
68%
Aucun quiz correspondant
Distribution des résultats
% des personnes avec chaque résultat
Percentile par nombre de réponses
Votre historique - résultats
Vous n’avez pas pris ce quiz